| 000 | 00935cam a22002655a 4500 | ||
|---|---|---|---|
| 001 | 18186356 | ||
| 005 | 20150727123146.0 | ||
| 008 | 140612t2015 flua frb 001 0 eng d | ||
| 020 | _a9781482249460 (alk. paper) | ||
| 040 |
_aDLC _beng _cDLC _dDLC _dEG-ScBUE |
||
| 082 | 0 | 4 |
_a333.794 _bSPE _222 |
| 100 | 1 |
_aSpellman, Frank R. _938249 |
|
| 245 | 1 | 0 |
_aEnvironmental impacts of renewable energy / _cFrank R. Spellman. |
| 260 |
_aBoca Raton : _bCRC Press / Taylor & Francis Group, _cc.2015. |
||
| 300 |
_axix, 458 p. : _bill. ; _c24 cm. |
||
| 490 | 0 | _aEnergy and the environment | |
| 500 | _aIndex : p. 445-458. | ||
| 504 | _aIncludes bibliographical references. | ||
| 650 | 0 |
_aRenewable energy sources _xEnvironmental aspects. _2BUEsh _913078 |
|
| 650 | 0 |
_aEnergy consumption _xEnvironmental aspects. _2BUEsh |
|
| 651 | _2BUEsh | ||
| 653 |
_bENGGEN _cJune2015 _cJuly2015 |
||
| 655 |
_vreading book _934232 |
||
| 942 |
_2ddc _k333.794 SPE |
||
| 999 |
_c20003 _d19975 |
||